000 00601nam a2200265Ia 4500
008 210210b2008 xxu||||| |||| 00| 0 eng d
041 _aeng
082 _a574.192 INDC
100 _aINDIRA (L)
245 _aCollege biochemistry-III: for BSc III sem Ed 3
250 _a
260 _aMumbai
_bHimalaya Publishing House
_c2008
300 _avii,212
650 _asem
650 _aIII
650 _afor
650 _aEd
650 _aCollege
650 _aBSc
650 _abiochemistry-III:
650 _a3
690 _aBiochemistry
700 _aNAGARAJU (K)
906 _a074133
999 _c123855
_d123855